00697cam a22002411 4500001001300000003000400013005001700017008004100034010001700075035002000092040001700112042001200129050002300141100003600164245009200200260005300292300002100345650001400366740002100380740001800401752001900419999001700438he 66001716 DLC20260227111441.0840307s1896 pl 000 0 heb  ahe 66001716  a(OCoLC)19153221 aDLCcMHdDLC apremarc00aBM522.6b.A85 18961 aLavski, Baruch ben Samuel Meir.10aSheʼelot u-teshuvot Minḥat Barukh :bḥeleḳ Imre ḥayim...ʻal Oraḥ ḥayim... aWarsaw :bDefus ha-aḥim Shuldberg,c656, 1896. a274 p. ;c34 cm. 0aResponsa.0 aMinḥat Barukh.0 aImre ḥayim. aPolanddWarsaw c31973d31973